Autobahnausfahrten an der BAB 10 - Statistiken

Allgemein
  • Dieses Quiz wurde 10 mal gespielt
  • Das Durchschnittsergebnis liegt bei 19 aus 34
Antwortstatistiken
Hint Antwort % Korrekt
3 Berlin-Marzahn
83%
19 Dreieck Potsdam
83%
6 Erkner
83%
10 Königs Wusterhausen
83%
25 Potsdam-Nord
83%
5 Rüdersdorf
83%
4 Berlin-Hellersdorf
67%
2 Berlin-Hohenschönhausen
67%
26 Berlin-Spandau
67%
27 Brieselang
67%
1 Dreieck Barnim
67%
16 Dreieck Nuthetal
67%
8 Dreieck Spreeau
67%
21 Dreieck Werder
67%
30 Oberkrämer
67%
23 Phöben
67%
11 Schönefelder Kreuz
67%
29 Dreieck Havelland
50%
28 Falkensee
50%
20 Glindow
50%
31 Kreuz Oranienburg
50%
24 Leest
50%
17 Michendorf
50%
9 Niederlehme
50%
12 Rangsdorf
50%
32 Birkenwerder
33%
34 Dreieck Pankow
33%
18 Ferch
33%
7 Freienbrink
33%
13 Genshagen
33%
14 Ludwigsfelde-Ost
33%
15 Ludwigsfelde-West
33%
33 Mühlenbeck
33%
22 Gross Kreutz
17%
Keine übereinstimmenden Quizze gefunden
Verteilung der Resultate
Anzahl Personen mit jedem Resultat
Perzentil nach korrekt beantworteten Fragen
Ihre Resultats-Entwicklung
Sie haben dieses Quiz noch nicht gespielt